| 000 | 00562nam a22001937a 4500 | ||
|---|---|---|---|
| 001 | BT-PhCST | ||
| 003 | BT-PhCST | ||
| 005 | 20190204171353.0 | ||
| 008 | 150711b xxu||||| |||| 00| 0 eng d | ||
| 020 | _aNA | ||
| 040 |
_aBT-PhCST _cBT-PhCST _dBT-PhCST |
||
| 050 | _aACC. No. 1 | ||
| 082 |
_222 _a690.1 |
||
| 100 | _aNA | ||
| 245 |
_aCode of practice for use of structural steel in general building construction : _bIS : 800-1962 / |
||
| 260 |
_aNew Delhi _bIndian Standards Institutions, _cc1969. |
||
| 300 |
_a182p. ; _bill. ; _c18 cm. |
||
| 942 |
_2ddc _cCIVIL |
||
| 999 |
_c5761 _d5761 |
||